[Event "Tournament (regional)"]
[Site "masterchessopen.com – Vitoria (Brazil)"]
[Date "2007.07.21"]
[Round "2"]
[White "Silva Rodrigo S"]
[Black "Bittencourt Jorge (BRA)"]
[Result "0-1"]
[WhiteElo "1940"]
[BlackElo "2448"]

1.d4 Nf6 2.c4 e6 3.Nf3 b6 4.a3 Ba6 5.Qc2 Bb7 6.Nbd2 c5 7.e4 cxd4 8.Nxd4 Nc6
9.Nxc6 Bxc6 10.e5 Ng4 11.Qc3 Qh4 12.g3 Qh5 13.Nf3 Bc5 14.Be2 Bxf2+ 15.Kf1 Qh3#
0-1

[Event "Ch City (1/2 final)"]
[Site "masterchessopen.com – Omsk (Russia)"]
[Date "2007.12.08"]
[Round "7"]
[White "Shkurkin Nikolai (RUS)"]
[Black "Skokov Boris (RUS)"]
[Result "1-0"]
[WhiteElo "2191"]
[BlackElo "2034"]

1.Nf3 Nf6 2.c4 e6 3.d4 b6 4.a3 Bb7 5.Nc3 d5 6.cxd5 exd5 7.Bf4 Be7 8.e3 O-O
9.Bd3 Nbd7 10.O-O c5 11.Re1 Ne4 12.Rc1 a6 13.dxc5 Ndxc5 14.Bb1 Rc8 15.Be5 Bf6
16.Bxf6 Qxf6 17.Nxd5 Bxd5 18.Qxd5 Qxb2 19.Qe5 Qxe5 20.Nxe5 {#r} 1-0

[Event "It (cat.2)"]
[Site "masterchessopen.com – Elista (Russia)"]
[Date "2008.01.06"]
[Round "5"]
[White "Kovalenko Alexander (UKR)"]
[Black "Pilavov G (UKR)"]
[Result "0-1"]
[WhiteElo "2262"]
[BlackElo "2624"]

1.c4 e6 2.Nf3 Nf6 3.d4 b6 4.a3 Ba6 5.Qc2 c5 6.d5 exd5 7.cxd5 Bb7 8.Nc3 Nxd5
9.Bg5 Be7 10.Qe4 Nxc3 11.Qxb7 Nc6 12.Bxe7 Kxe7 13.bxc3 Rb8 14.Qa6 b5 15.e4 Rb6
{#R} 0-1

[Event "Memorial Grigorov (open)"]
[Site "masterchessopen.com – Sofia (Bulgaria)"]
[Date "2008.01.08"]
[Round "3"]
[White "Dobrev Nanko (BUL)"]
[Black "Nikolov Momchil (BUL)"]
[Result "1-0"]
[WhiteElo "2408"]
[BlackElo "2488"]

1.d4 Nf6 2.Nf3 e6 3.c4 b6 4.a3 Bb7 5.Nc3 d5 6.cxd5 Nxd5 7.e3 Nxc3 8.bxc3 g6
9.Bb5+ c6 10.Bd3 Bg7 11.h4 O-O 12.h5 c5 13.hxg6 hxg6 14.Nh4 cxd4 15.cxd4 e5
16.Qg4 exd4 17.Nxg6 fxg6 18.Qxg6 Rf6 19.Rh8+ {#r} 1-0

[Event "Czech League 2007/08 (krajsky prebor)"]
[Site "masterchessopen.com – Czech Republic"]
[Date "2008.02.10"]
[Round "7"]
[White "Fiedler Bedrich (CZE)"]
[Black "Portych Vaclav (CZE)"]
[Result "1-0"]
[WhiteElo "2156"]
[BlackElo "1898"]

1.d4 Nf6 2.Nf3 e6 3.c4 b6 4.a3 c5 5.d5 Qc7 6.Nc3 a6 7.a4 Bb7 8.e4 Bd6 9.g3 O-O
10.Bd3 exd5 11.cxd5 Re8 12.O-O h6 13.Nh4 a5 14.Nb5 {#r} 1-0

[Event "Tournament (open)"]
[Site "masterchessopen.com – Fleurus (Belgium)"]
[Date "2008.02.29"]
[Round "6"]
[White "Godart Francois (FRA)"]
[Black "Denayer Eric (BEL)"]
[Result "0-1"]
[WhiteElo "2012"]
[BlackElo "2265"]

1.d4 Nf6 2.c4 e6 3.Nf3 b6 4.a3 Bb7 5.Nc3 Be7 6.d5 O-O 7.e4 exd5 8.cxd5 d6
9.Be2 c5 10.O-O a6 11.a4 Nbd7 12.Nd2 Ne8 13.Nc4 Bf6 14.Qb3 Rb8 15.Bf4 Qe7
16.Bd3 Bc8 17.Bg3 Ne5 18.Bxe5 Bxe5 19.f4 Bd4+ 20.Kh1 Nf6 21.Rac1 Ng4 22.Qc2
Nxh2 {#R} 0-1

[Event "Tournament (Elo) (c)"]
[Site "masterchessopen.com – Warsaw (Poland)"]
[Date "2008.04.30"]
[Round "5"]
[White "Milczarek Robert (POL)"]
[Black "Jarmolowski Tadeusz (POL)"]
[Result "1-0"]
[WhiteElo "1868"]
[BlackElo "1772"]

1.d4 Nf6 2.c4 e6 3.Nf3 b6 4.a3 Bb7 5.Nc3 Be7 6.d5 exd5 7.cxd5 O-O 8.e4 d6
9.Bd3 Nbd7 10.O-O Re8 11.Nd4 h6 12.Bc2 a6 13.Qf3 Ne5 14.Qg3 Ng6 15.f4 Kh8
16.e5 Nxd5 17.e6 Nh4 18.exf7 Rf8 19.Ne6 Qd7 20.Qxg7# 1-0

[Event "It (open)"]
[Site "masterchessopen.com – Orlova (Czech Republic)"]
[Date "2008.05.21"]
[Round "5"]
[White "Lipus Drahomir (CZE)"]
[Black "Kotas Jan (CZE)"]
[Result "0-1"]
[WhiteElo "1504"]
[BlackElo "2003"]

1.d4 Nf6 2.c4 e6 3.Nf3 b6 4.a3 Bb7 5.Nc3 d5 6.cxd5 Nxd5 7.e3 Be7 8.Bd3 O-O
9.O-O Nxc3 10.bxc3 Nd7 11.e4 c5 12.Qe2 Qc7 13.Bb2 Rac8 14.c4 cxd4 15.Nxd4 a6
16.Rac1 Rfd8 17.Qg4 Ne5 18.Qh3 Nxd3 19.Nxe6 fxe6 20.Qxe6+ Kh8 21.Bxg7+ Kxg7
22.Qg4+ Kh8 {#R} 0-1

[Event "It \"]
[Site "masterchessopen.com – Bad Homburg (Germany)"]
[Date "2008.05.23"]
[Round "4"]
[White "Ruecker Benjamin (GER)"]
[Black "Lubos Adam (GER)"]
[Result "1-0"]
[WhiteElo "2242"]
[BlackElo "2035"]

1.d4 Nf6 2.c4 e6 3.Nf3 b6 4.a3 Bb7 5.Nc3 Be7 6.Qc2 O-O 7.e4 d5 8.e5 Ne4 9.Bd3
Nxc3 10.Bxh7+ Kh8 11.bxc3 g6 12.Bxg6 fxg6 13.Qxg6 dxc4 14.h4 Qe8 15.Qh6+ Kg8
16.Rh3 {#r} 1-0

[Event "Ch Germany (juniors) (Internet) (under 25) (qual2)"]
[Site "masterchessopen.com – Internet"]
[Date "2008.06.04"]
[Round "3"]
[White "Rietze Clemens (GER)"]
[Black "Hirneise Tobias (GER)"]
[Result "0-1"]
[WhiteElo "2156"]
[BlackElo "2440"]

1.d4 Nf6 2.c4 e6 3.Nf3 b6 4.a3 Bb7 5.Nc3 d5 6.cxd5 Nxd5 7.Qc2 Nxc3 8.bxc3 Be7
9.e4 O-O 10.Bd3 c5 11.O-O Qc7 12.Qe2 Nd7 13.Rd1 Rfd8 14.Bb2 Rac8 15.Rac1 Nf8
16.Ne5 Nd7 17.f4 Nxe5 18.fxe5 Bg5 19.Rc2 c4 {#R} 0-1

[Event "It (open)"]
[Site "masterchessopen.com – Val Thorens (France)"]
[Date "2008.07.20"]
[Round "2"]
[White "Bronznik Valerij (UKR)"]
[Black "Le Fournier Pascal (FRA)"]
[Result "1-0"]
[WhiteElo "2340"]
[BlackElo "2040"]

1.Nf3 Nf6 2.d4 e6 3.c4 b6 4.a3 Ba6 5.Qc2 Bb7 6.Nc3 c5 7.dxc5 bxc5 8.e4 d6
9.Bf4 Qa5 10.Be3 Be7 11.Rg1 Nc6 12.b4 cxb4 13.axb4 Qh5 14.Be2 O-O 15.b5 Nb4
16.Qb3 d5 17.cxd5 exd5 18.Nd4 Qg6 19.Nf5 Bc5 20.Nh4 {#r} 1-0

[Event "Tournament (open) \"]
[Site "masterchessopen.com – Zhukovsky (Russia)"]
[Round "2"]
[White "Kaverin Lev (RUS)"]
[Black "Leschenko Wjatcheslaw (RUS)"]
[Result "1-0"]
[WhiteElo "1919"]
[BlackElo "1644"]

1.Nf3 Nf6 2.d4 b6 3.c4 e6 4.a3 Be7 5.Nc3 Ba6 6.e4 d6 7.b4 d5 8.exd5 exd5 9.Ne5
O-O 10.Bg5 dxc4 11.b5 Bb7 12.Bxc4 Bxg2 13.Rg1 Bh3 14.Bh6 g6 15.Bxf8 Kxf8
16.Nxf7 Qe8 17.Qe2 Bf5 18.Rg3 Nbd7 19.Nh6 Bd6 20.Re3 Qxe3 21.fxe3 {#r} 1-0

[Event "It (open)"]
[Site "masterchessopen.com – Graz (Austria)"]
[Date "2008.09.07"]
[Round "9"]
[White "Drnovsek Nejc (SLO)"]
[Black "Handler Lukas (AUT)"]
[Result "1-0"]
[WhiteElo "2125"]
[BlackElo "2101"]

1.d4 Nf6 2.Nf3 e6 3.c4 b6 4.a3 c5 5.d5 exd5 6.cxd5 d6 7.Nc3 Be7 8.g3 O-O 9.Bg2
Na6 10.O-O Nc7 11.a4 Bb7 12.e4 Nd7 13.Re1 f6 14.Nh4 Ne5 15.f4 Nf7 16.Bh3 Bc8
17.Bxc8 Qxc8 18.Nf5 Qd7 19.Qg4 {#r} 1-0

[Event "Tournament (open)"]
[Site "masterchessopen.com – Santa Eulalia de Roncana (Spain)"]
[Date "2008.10.04"]
[Round "1"]
[White "Melich Martinez Josep (ESP)"]
[Black "Casassas Brosa Ramon (ESP)"]
[Result "0-1"]
[WhiteElo "1823"]
[BlackElo "1660"]

1.d4 Nf6 2.c4 e6 3.Nf3 b6 4.a3 d5 5.Nc3 Bb7 6.cxd5 exd5 7.g3 g6 8.Bg5 Nbd7
9.Qa4 Bg7 10.Ne5 h6 11.Bxf6 Bxf6 12.Nc6 Bxc6 13.Qxc6 Bxd4 14.Nxd5 O-O 15.Rc1
Bxb2 16.Rc2 Bxa3 17.Qxd7 Bb4+ {#R} 0-1

[Event "Tournament (Elo)"]
[Site "masterchessopen.com – Moron (Argentina)"]
[Date "2008.11.17"]
[Round "1"]
[White "Pagano Marcelo (ARG)"]
[Black "Cuberli Emiliano (ARG)"]
[Result "1-0"]
[WhiteElo "2049"]
[BlackElo "2128"]

1.Nf3 Nf6 2.d4 e6 3.c4 b6 4.a3 Bb7 5.Nc3 Be7 6.d5 O-O 7.e4 exd5 8.cxd5 Re8
9.Bd3 Bf8 10.O-O c6 11.e5 {#r} 1-0

[Event "Ch City"]
[Site "masterchessopen.com – Belgrade (Serbia)"]
[Date "2009.01.30"]
[Round "7"]
[White "Sekulic Dusan (SRB)"]
[Black "Abramovic Bosko (SRB)"]
[Result "0-1"]
[WhiteElo "2295"]
[BlackElo "2465"]

1.d4 Nf6 2.c4 e6 3.Nf3 b6 4.a3 Bb7 5.Nc3 d5 6.Bg5 Be7 7.Qa4+ c6 8.cxd5 exd5
9.Bxf6 Bxf6 10.g3 O-O 11.Bg2 Na6 12.O-O Nc7 13.Rac1 Ne6 14.b3 Qe7 15.Rfd1 Rfd8
16.b4 c5 17.bxc5 bxc5 {#R} 0-1

[Event "Memorial Vakarin"]
[Site "masterchessopen.com – Ulan Ude (Russia)"]
[Round "0"]
[White "Dondukov Sengdorji (RUS)"]
[Black "Baljiev Chingiz (RUS)"]
[Result "1-0"]
[WhiteElo "2300"]
[BlackElo "2240"]

1.d4 Nf6 2.Nf3 e6 3.c4 b6 4.a3 Bb7 5.Nc3 g6 6.Qc2 Bxf3 7.gxf3 Bg7 8.e4 d6
9.Bg5 h6 10.Be3 e5 11.O-O-O Nh5 12.dxe5 Bxe5 13.Qd2 Nd7 14.f4 Bg7 15.Be2 Nc5
16.Kb1 Qh4 17.Qd5 O-O 18.Bxh5 Qxh5 19.Qxh5 gxh5 20.Rhg1 Kh7 21.Nd5 {#r} 1-0

[Event "Tournament (open)"]
[Site "masterchessopen.com – Quixada (Brazil)"]
[Date "2009.07.16"]
[Round "1"]
[White "Pinheiro Iung (BRA)"]
[Black "Ribeiro Orlando Alves"]
[Result "1-0"]
[WhiteElo "2257"]
[BlackElo "1880"]

1.d4 Nf6 2.c4 e6 3.Nf3 b6 4.a3 Bb7 5.Nc3 d5 6.cxd5 Nxd5 7.Qc2 c5 8.e4 Nxc3
9.bxc3 Be7 10.Bb5+ Bc6 11.Bd3 O-O 12.O-O Nd7 13.Qe2 Qb8 14.d5 Ba4 15.Bc4 Ne5
16.Bf4 Bd6 17.Bxe5 Bxe5 18.dxe6 Bc6 19.Ng5 Bf6 20.exf7+ Kh8 21.Nxh7 g6 22.Nxf6
{#r} 1-0

[Event "It (open)"]
[Site "masterchessopen.com – Cairo (Egypt)"]
[Date "2009.07.29"]
[Round "9"]
[White "Ahmed Tamer (EGY)"]
[Black "Lotfy Abdel Rahman (EGY)"]
[Result "1-0"]
[WhiteElo "2068"]
[BlackElo "2149"]

1.d4 Nf6 2.c4 e6 3.Nf3 b6 4.a3 Ba6 5.e3 Be7 6.Bd3 d5 7.Ne5 O-O 8.Nd2 c5 9.dxc5
bxc5 10.O-O Qc7 11.f4 Nbd7 12.Ndf3 Nxe5 13.Nxe5 Bd6 14.Qa4 Bb7 15.Nf3 Rfe8
16.cxd5 exd5 17.Bd2 c4 18.Bf5 g6 19.Bc3 Qd8 20.Rae1 gxf5 21.Nh4 {#r} 1-0

[Event "It (open)"]
[Site "masterchessopen.com – Nikaia (Greece)"]
[Date "2009.08.25"]
[Round "5"]
[White "Skalkotas Nikolaos (GRE)"]
[Black "Sklavounos Panagis (GRE)"]
[Result "1-0"]
[WhiteElo "2197"]
[BlackElo "1945"]

1.d4 Nf6 2.Nf3 b6 3.c4 e6 4.a3 Bb7 5.Nc3 d5 6.cxd5 Nxd5 7.Qc2 c5 8.e4 cxd4
9.exd5 dxc3 10.Bb5+ Nd7 11.Ne5 Bc8 12.dxe6 fxe6 13.Qe4 Bd6 14.Nc4 Bc5 15.O-O
O-O 16.Qxa8 Nf6 17.Be3 Ng4 18.Bxc5 Qc7 19.Bd6 {#r} 1-0

[Event "It (open)"]
[Site "masterchessopen.com – Anapa (Russia)"]
[Date "2009.09.06"]
[Round "7"]
[White "Botoyan Smbat (ARM)"]
[Black "Chernyshov Konstantin (RUS)"]
[Result "1-0"]
[WhiteElo "2079"]
[BlackElo "2555"]

1.Nf3 Nf6 2.d4 e6 3.c4 b6 4.a3 Bb7 5.Nc3 Ne4 6.Nxe4 Bxe4 7.g3 Be7 8.Bg2 Qc8
9.O-O Qb7 10.Bd2 O-O 11.Bc3 a5 12.Qd2 d6 13.Qe3 Nd7 14.Bh3 Nf6 15.Ng5 Bg6
16.Bg2 d5 17.cxd5 exd5 18.f4 Bf5 19.Qe5 Bg4 20.Bb4 Bxb4 {#r} 1-0

[Event "Ch World (juniors) (under 16) (g)"]
[Site "masterchessopen.com – Kemer (Turkey)"]
[Date "2009.11.12"]
[Round "1"]
[White "Soylemez Cansu (TUR)"]
[Black "Cori T Deysi (PER)"]
[Result "0-1"]
[WhiteElo "1879"]
[BlackElo "2390"]

1.d4 Nf6 2.c4 e6 3.Nf3 b6 4.a3 Ba6 5.Qc2 Be7 6.e4 d6 7.Bd3 Nbd7 8.O-O e5 9.Nc3
O-O 10.b4 exd4 11.Nxd4 Ne5 12.Nd5 c6 13.Nxe7+ Qxe7 14.Re1 c5 15.Nf5 Qe6 16.b5
Bb7 17.f3 g6 18.Bb2 a6 {#R} 0-1

[Event "Ch City (final)"]
[Site "masterchessopen.com – Novosibirsk (Russia)"]
[Date "2010.03.04"]
[Round "4"]
[White "Podberezko Pavel (RUS)"]
[Black "Novichkov Vladimir (RUS)"]
[Result "1-0"]
[WhiteElo "2129"]
[BlackElo "2142"]

1.d4 Nf6 2.c4 e6 3.Nf3 b6 4.a3 Bb7 5.Nc3 d5 6.cxd5 Nxd5 7.Qc2 Be7 8.Nxd5 exd5
9.Bf4 c6 10.e3 O-O 11.Bd3 g6 12.h4 c5 13.h5 f5 14.hxg6 hxg6 15.Ne5 c4 16.Be2
Qe8 17.g4 Nd7 18.gxf5 Nxe5 19.Bxe5 Bf6 20.fxg6 Bxe5 21.g7 {#r} 1-0

[Event "Memorial Maria Teresa Mora (c)"]
[Site "masterchessopen.com – Habana (Cuba)"]
[Date "2010.03.14"]
[Round "10"]
[White "Vitier Vazquez Cristian"]
[Black "Perez Coyula Rafael Alcides"]
[Result "1-0"]
[WhiteElo "2082"]
[BlackElo "1994"]

1.d4 Nf6 2.Nf3 e6 3.c4 b6 4.a3 Bb7 5.Nc3 d5 6.cxd5 Nxd5 7.Qc2 c5 8.e4 Nf6
9.Bg5 cxd4 10.Rd1 Nbd7 11.Nxd4 Rc8 12.Bb5 a6 13.Nxe6 fxe6 14.Bxd7+ Qxd7
15.Rxd7 Nxd7 16.O-O Bc5 17.Qb3 Rc6 18.Rd1 Rf8 19.Bh4 g5 20.Bg3 Nf6 21.e5 Ng4
22.Ne4 h5 {#r} 1-0

[Event "It (open)"]
[Site "masterchessopen.com – Norrkoeping (Sweden)"]
[Date "2010.04.03"]
[Round "4"]
[White "Yrjola Jouni (FIN)"]
[Black "Bende Tobias"]
[Result "1-0"]
[WhiteElo "2368"]
[BlackElo "2145"]

1.d4 Nf6 2.c4 e6 3.Nf3 b6 4.a3 Bb7 5.Nc3 d5 6.cxd5 Nxd5 7.Qc2 Be7 8.Bd2 c5
9.dxc5 Bxc5 10.e4 Nxc3 11.Bxc3 O-O 12.Bd3 Nc6 13.O-O Nd4 14.Bxd4 Bxd4 15.Rad1
Bc5 16.e5 Qc8 17.Bxh7+ Kh8 18.Be4 Rb8 19.Bxb7 Qxb7 20.Ng5 g6 21.Qa4 {#r} 1-0

[Event "Ch Croatia (juniors) (team) (under 20)"]
[Site "masterchessopen.com – Sv. Filip i Jakov (Croatia)"]
[Date "2010.04.06"]
[Round "2"]
[White "Havas Juraj (CRO)"]
[Black "Tica Sven"]
[Result "1-0"]
[WhiteElo "1950"]
[BlackElo "1562"]

1.d4 Nf6 2.c4 e6 3.Nf3 b6 4.a3 Bb7 5.Nc3 d5 6.cxd5 exd5 7.Qa4+ Bc6 8.Qc2 Nbd7
9.Bf4 Rc8 10.e3 Bd6 11.Ba6 Rb8 12.Ne5 Bxe5 13.dxe5 Nh5 14.Bb5 Bb7 15.O-O c6
16.Bd3 Qe7 17.e6 Qxe6 18.Bf5 Nxf4 19.Bxe6 Nxe6 20.Rad1 Ne5 21.Qa4 O-O 22.Qxa7
{#r} 1-0

[Event "Czech League 2009/10 (krajsky prebor)"]
[Site "masterchessopen.com – Czech Republic"]
[Date "2010.04.11"]
[Round "11"]
[White "Fiedler Bedrich (CZE)"]
[Black "Matonoha Ctirad (CZE)"]
[Result "1-0"]
[WhiteElo "2117"]
[BlackElo "2069"]

1.c4 Nf6 2.Nf3 e6 3.d4 b6 4.a3 Bb7 5.Nc3 Be7 6.d5 exd5 7.cxd5 d6 8.g3 c6 9.Bg2
Nbd7 10.dxc6 Bxc6 11.O-O Rc8 12.Nd4 Bxg2 13.Kxg2 Ne5 14.Nf5 O-O 15.Bg5 Nc4
16.Qd4 h6 17.Nd5 hxg5 18.Nfxe7+ Kh8 19.Nxc8 Qxc8 20.Nxf6 gxf6 21.Qxf6+ Kh7
22.Qxg5 {#r} 1-0

[Event "Ch Greece (juniors) (under 14)"]
[Site "masterchessopen.com – Kallithea (Greece)"]
[Date "2010.06.29"]
[Round "6"]
[White "Tsakiris Haralambos (GRE)"]
[Black "Tsiros Dimitrios (GRE)"]
[Result "1-0"]
[WhiteElo "1846"]
[BlackElo "1663"]

1.d4 Nf6 2.c4 e6 3.Nf3 b6 4.a3 Bb7 5.Nc3 Be7 6.Qc2 O-O 7.e4 d5 8.e5 Ne4 9.Bd3
Nxc3 10.Bxh7+ Kh8 11.bxc3 dxc4 12.Be4 Bxe4 13.Qxe4 Qd5 14.Qe2 Nd7 15.h4 f6
16.Bf4 f5 17.Ng5 g6 18.h5 Bxg5 19.hxg6+ Kg7 20.Rh7+ Kg8 21.Qh5 {#r} 1-0

[Event "Tournament (Elo) (c)"]
[Site "masterchessopen.com – Budapest (Hungary)"]
[Date "2010.08.09"]
[Round "3"]
[White "Simon Tamas (HUN)"]
[Black "Nagy Peter (HUN)"]
[Result "0-1"]
[WhiteElo "1795"]
[BlackElo "2050"]

1.d4 Nf6 2.c4 e6 3.Nf3 b6 4.a3 Bb7 5.Nc3 Be7 6.Qc2 O-O 7.e4 d5 8.e5 Ne4 9.cxd5
exd5 10.Bd3 h6 11.b4 c5 12.bxc5 bxc5 13.dxc5 Nxc5 14.Bh7+ Kh8 15.Bf5 d4 16.Nb5
Qa5+ 17.Bd2 Qxb5 18.Nxd4 Qa6 19.Bb4 Qb6 20.Rc1 Nba6 {#R} 0-1

[Event "Ch Brasiliense (final)"]
[Site "masterchessopen.com – Brasilia (Brazil)"]
[Date "2010.09.04"]
[Round "8"]
[White "Valle Adriano (BRA)"]
[Black "Ribeiro Valdir Uchoa"]
[Result "1-0"]
[WhiteElo "2289"]
[BlackElo "1958"]

1.d4 Nf6 2.Nf3 e6 3.c4 b6 4.a3 Bb7 5.Nc3 Be7 6.d5 exd5 7.cxd5 O-O 8.e4 d6
9.Bd3 Nbd7 10.Nd4 Re8 11.O-O Bf8 12.f3 g6 13.Bg5 h6 14.Bh4 Bg7 15.Bb5 Qe7
16.Bc6 Bxc6 17.Nxc6 Qf8 18.Nb5 {#r} 1-0

[Event "Ch India (challengers)"]
[Site "masterchessopen.com – Bhiwani (India)"]
[Date "2010.09.16"]
[Round "1"]
[White "Suvrajit Saha (IND)"]
[Black "Vivekanandan G (IND)"]
[Result "1-0"]
[WhiteElo "2378"]
[BlackElo "1984"]

1.d4 Nf6 2.Nf3 e6 3.c4 b6 4.a3 Bb7 5.Nc3 d5 6.cxd5 exd5 7.Bf4 c6 8.e3 Ba6
9.Bxa6 Nxa6 10.Qa4 Qc8 11.Rc1 Be7 12.Nb5 O-O 13.Nd6 Bxd6 14.Bxd6 Re8 15.Rxc6
Qb7 16.O-O Nd7 17.Rfc1 Rac8 18.h3 h6 19.Qb5 Nab8 20.Rc7 Rxc7 21.Rxc7 a6
22.Qxd7 {#r} 1-0

[Event "Tournament \"]
[Site "masterchessopen.com – Striy (Ukraine)"]
[Date "2010.10.17"]
[Round "10"]
[White "Masliak Daniil"]
[Black "Ritenko Vsevolod"]
[Result "1-0"]
[WhiteElo "2199"]
[BlackElo "2130"]

1.d4 Nf6 2.Nf3 e6 3.c4 b6 4.a3 Bb7 5.Nc3 c5 6.d5 exd5 7.cxd5 d6 8.e4 Be7
9.Bb5+ Nbd7 10.e5 dxe5 11.d6 Bf8 12.Nxe5 Qc8 13.Qe2 Bxd6 14.Nxd7+ Kd8 15.Nxf6
gxf6 16.Be3 Bxg2 17.Rg1 Qb7 18.O-O-O Kc7 19.Rxd6 Kxd6 20.Bf4# 1-0

[Event "Ch Finland (team) 2010/11 (1 Division)"]
[Site "masterchessopen.com – Finland"]
[Date "2011.03.12"]
[Round "9"]
[White "Manninen Anssi (FIN)"]
[Black "Pirttimaki Mika (FIN)"]
[Result "1-0"]
[WhiteElo "2071"]
[BlackElo "1644"]

1.d4 Nf6 2.c4 e6 3.Nf3 b6 4.a3 Bb7 5.Nc3 Be7 6.d5 exd5 7.cxd5 d6 8.e4 Nbd7
9.Bd3 O-O 10.O-O a6 11.h3 Ne5 12.Bc2 Nfd7 13.Nd4 c5 14.dxc6 Nxc6 15.Nf5 Nde5
16.Nd5 Ng6 17.Be3 b5 18.Qd2 Rb8 19.b3 Bf6 20.Bb6 Qd7 21.Nxf6+ gxf6 22.Qh6 {#r}
1-0

[Event "Czech League 2010/11 (1st) East"]
[Site "masterchessopen.com – Czech Republic"]
[Date "2011.03.20"]
[Round "10"]
[White "Obsivac Josef (CZE)"]
[Black "Adamek Jiri (CZE)"]
[Result "0-1"]
[WhiteElo "2274"]
[BlackElo "2285"]

1.d4 Nf6 2.c4 e6 3.Nf3 b6 4.a3 Bb7 5.Nc3 c5 6.d5 exd5 7.cxd5 d6 8.g3 b5 9.Bg2
a6 10.e4 g6 11.e5 dxe5 12.Nxe5 Bd6 13.Nc6 Bxc6 14.dxc6 Qe7+ 15.Kf1 O-O 16.Bg5
Be5 17.Qe2 Qe6 18.Bxf6 Qxf6 19.Nd5 Qd6 20.f4 Bf6 21.Nb6 Ra7 22.Nc8 Rxc8 {#R}
0-1

[Event "Ch Macedonia (team) (2 league)"]
[Site "masterchessopen.com – Skopje (Macedonia)"]
[Date "2011.04.16"]
[Round "2"]
[White "Miskoski Misko (MKD)"]
[Black "Hadzi Manev Ljubomir (MKD)"]
[Result "0-1"]
[WhiteElo "1965"]
[BlackElo "2099"]

1.d4 Nf6 2.c4 e6 3.Nf3 b6 4.a3 Bb7 5.Nc3 d5 6.cxd5 exd5 7.g3 Be7 8.Bg2 O-O
9.O-O Nbd7 10.h4 Re8 11.Bf4 a6 12.Nh2 Nf8 13.Bf3 Ne4 14.Qd3 Ne6 15.Bxe4 dxe4
16.Nxe4 Nxf4 17.gxf4 Bxh4 18.f3 Qe7 19.Rac1 Rac8 20.Nc3 Bg3 21.Kg2 Bxf4 22.Rh1
Bxc1 {#R} 0-1

[Event "It (open) (J-7rounds)"]
[Site "masterchessopen.com – Pardubice (Czech Republic)"]
[Date "2011.07.17"]
[Round "4"]
[White "Oganian Miran (RUS)"]
[Black "Linker Mikhail (UKR)"]
[Result "0-1"]
[WhiteElo "2229"]
[BlackElo "2150"]

1.d4 Nf6 2.c4 e6 3.Nf3 b6 4.a3 Ba6 5.Qa4 Bb7 6.Nc3 c5 7.Bf4 cxd4 8.Nb5 Na6
9.Nfxd4 Nc5 10.Qd1 d6 11.b4 Nce4 12.Qa4 Nd7 13.f3 a6 14.fxe4 axb5 15.Qd1 e5
16.Nxb5 exf4 17.Nxd6+ Bxd6 18.Qxd6 Qf6 {#R} 0-1

[Event "Tournament (Elo)"]
[Site "masterchessopen.com – Sao Paulo (Brazil)"]
[Date "2011.10.16"]
[Round "5"]
[White "Devescovi Parreira Pedro Paulo"]
[Black "Branchini Fernando Luis Sakamo"]
[Result "1-0"]
[WhiteElo "1951"]
[BlackElo "1953"]

1.d4 Nf6 2.c4 e6 3.Nf3 b6 4.a3 Bb7 5.Nc3 Be7 6.Qc2 O-O 7.e4 d6 8.Bd3 Ne8 9.e5
f5 10.exf6 Nxf6 11.Ng5 Qd7 12.Bxh7+ Kh8 13.Qd3 Ng4 14.Bg8 Nf6 15.Bxe6 Qe8
16.Ne2 g6 17.Nf4 Nh7 18.Nxg6+ Kg7 19.Nxe7 Nxg5 20.Bxg5 {#r} 1-0

[Event "Ch Czech Republic (open) (team)"]
[Site "masterchessopen.com – Pardubice (Czech Republic)"]
[Date "2012.07.13"]
[Round "2"]
[White "Voloshin Leonid (CZE)"]
[Black "Trhal Tomas (CZE)"]
[Result "1-0"]
[WhiteElo "2427"]
[BlackElo "2125"]

1.d4 Nf6 2.Nf3 e6 3.c4 b6 4.a3 Bb7 5.Nc3 Be7 6.d5 O-O 7.e4 exd5 8.cxd5 Re8
9.Bd3 c6 10.O-O d6 11.Bf4 Nbd7 12.dxc6 Bxc6 13.Nd4 Bb7 14.Nf5 Ne5 15.Bb5 Rf8
16.Qd4 Ne8 17.Rad1 Nc7 18.Bxe5 Nxb5 19.Nxb5 dxe5 20.Qc3 {#r} 1-0